000
00267nam a22001097a 4500
008
240711b |||||||| |||| 00| 0 eng d
100
_a
Vasvani, Melaram
_9
16848
245
_a
Rajput Balidan
260
_a
Ajmer:
_b
Sunder Sahitya;
_c
1957.
300
_a
130p.
942
_c
BK
999
_c
39969
_d
39969